000 00340nam a2200145Ia 4500
100 _aMatthews/C.B/ Matthews/M.S
942 _cRB
654 _awordstar
245 _aWordstar professional:Complete reference
260 _bMicro pro -Osborne
_aBerkeley
_c1988
082 _a1.642
_bMAT
300 _a822
546 _aENGLISH
999 _c34829
_d34829